Clarity is Power: (Record no. 204730)
[ view plain ]
| 000 -LEADER | |
|---|---|
| fixed length control field | 00687nam a22002297a 4500 |
| 005 - DATE AND TIME OF LATEST TRANSACTION | |
| control field | 20240802123055.0 |
| 008 - FIXED-LENGTH DATA ELEMENTS--GENERAL INFORMATION | |
| fixed length control field | 970904m19271929ii a 001 0aeng |
| 010 ## - LCCN (DPL NO) | |
| LC control number | ENG-141142 |
| 020 ## - INTERNATIONAL STANDARD BOOK NUMBER | |
| International Standard Book Number | 9789355434364 |
| Terms of availability | 175.00 |
| 035 ## - SYSTEM CONTROL NUMBER | |
| System control number | EN-124674 |
| 037 ## - SOURCE OF ACQUISITION | |
| Source of stock number/acquisition | DBAD |
| 040 ## - CATALOGING SOURCE | |
| Original cataloging agency | DPL |
| 082 ## - DEWEY DECIMAL CLASSIFICATION NUMBER | |
| Classification number | 371.3943 |
| Edition number | 3 |
| 100 ## - MAIN ENTRY--PERSONAL NAME | |
| Personal name | Mahatria Ra |
| 9 (RLIN) | 69286 |
| 245 ## - TITLE STATEMENT | |
| Title | Clarity is Power: |
| Remainder of title | Emotional Development/ |
| Statement of responsibility, etc | By Mahatria Ra |
| 250 ## - EDITION STATEMENT | |
| Edition statement | 3 |
| 260 ## - PUBLICATION, DISTRIBUTION, ETC. (IMPRINT) | |
| Place of publication, distribution, etc | Bhopal |
| Name of publisher, distributor, etc | Manjul Publishing House |
| Date of publication, distribution, etc | 2024 |
| 270 ## - ADDRESS | |
| Address | 2nd Floor, Usha Preet Complex, Malviya Nagar |
| City | Bhopal |
| Postal code | 462003 |
| 300 ## - PHYSICAL DESCRIPTION | |
| Extent | 64p. |
| Dimensions | 22cm.(Pb) |
| 650 ## - SUBJECT ADDED ENTRY--TOPICAL TERM | |
| Topical term or geographic name as entry element | Leadership |
| 9 (RLIN) | 69287 |
| 942 ## - ADDED ENTRY ELEMENTS (KOHA) | |
| Source of classification or shelving scheme | Dewey Decimal Classification |
| Item type | English Books |
| Call number suffix | MAH |
| Classification part | 371.3943 |
| Edition | 3 |
| Withdrawn status | Lost status | Source of classification or shelving scheme | Damaged status | Not for loan | Collection code | Home library | Current library | Date acquired | Source of acquisition | Cost, normal purchase price | Total Checkouts | Full call number | Barcode | Date last seen | Copy number | Cost, replacement price | Koha item type |
|---|---|---|---|---|---|---|---|---|---|---|---|---|---|---|---|---|---|
| Dewey Decimal Classification | Non-fiction | Patel Nagar | Patel Nagar | 02/08/2024 | Delivery of Books Act Division | 175.00 | MAH 371.3943 | EN-124674 | 02/08/2024 | 1 | 175.00 | English Books |
